00887nam a22002297a 450000500170000000800400001702000150005705000210007210000270009324500360012025000280015626000380018430000430022249000110026550400500027660000290032665000380035570000880039394200130048199900170049495201460051120150124131810.0140625t mx||||| |||| 00| 0 esp d a950070113804aBF 455bR54 19811 aRifflet-Lemaire, Anika10aLacan /cAnika Rifflet-Lemaire, aPrimera Edición: 1981 aMéxico :bSudamericana, c1981. a408 paginas, c22 X 14 centímetros,  aHermes aIncluye: Bibliografía p, (403-408) e Indice14aLaca, Jacquesd1901-1981 72LembaFilosofía xPsicología 1 aRifflet-Lemaire, AnikaeTraducción: Francisco J. Millet, Prólogo: Jacques Lacan 2ddccLIB c83259d83259 102lcc4070aLIC-020bLIC-020cGENERALd2014-06-25kEducación y humanidadesoBF 455 R54 1981pBFF000007301r2015-01-16 00:00:00tC: 1yLIB